| 000 | 00654nam a2200193 i 4500 | ||
|---|---|---|---|
| 001 | 141879 | ||
| 003 | ES-MaACL | ||
| 005 | 20250830111415.0 | ||
| 007 | t| | ||
| 008 | 070928q1951 sp ||||1| spa d | ||
| 100 | 1 |
_aViñas y Mey, Carmelo _9115384 |
|
| 245 | 1 | 4 |
_aLas reformas de estructura y el catolicismo social / _cpor Carmelo Viñas y Mey. |
| 260 |
_a[S.l. : _bs.n., _c1951] |
||
| 300 |
_a93 p. ; _c25 cm. |
||
| 500 | _aSeparata de : Revista Internacional de Sociología. Año IX. Enero-Junio 1951. Núms. 33-34. | ||
| 610 | 2 | 4 |
_aIglesia Católica- _xDoctrina social _94642 |
| 852 |
_aES-MaACL _j1930-F-11 |
||
| 999 |
_c141879 _d141879 |
||